000
00253nam a22001097a 4500
999
_c
168432
_d
168432
082
_a
_b
100
_a
Kranthi Mrudiraj
245
_a
Kavi Rameswar Shukla Amchal/
_c
by Kranthi Mrudiraj.
260
_a
Mathura:
_b
Jawahar,
_c
650
_a
942
_c
BK